000 00559nam a2200229Ia 4500
003 OSt
005 20221005132029.0
006 a|||||r|||| 00| 0
007 ta
008 221004b |||||||| |||| 00| 0 eng d
024 _a58960
037 _cTextual
040 _aCRL
_cCRL
_beng
041 _2eng
_aeng
082 _aT:(P), L8
100 _aWiddowson Au.
_9640495
245 0 _aTeaching language as comminication
260 _c1978
650 _aEDUCATION
942 _hT:(P), L8
_cTEXL
_2cc
999 _c1062229
_d1062229